Fr. Conceicao Rodrigues College of Engineering

Distributed systems:Concepts and design (Record no. 30010)

MARC details
000 -LEADER
fixed length control field 00358nam a2200169Ia 4500
082 ## - DEWEY DECIMAL CLASSIFICATION NUMBER
Classification number 4.6
Item number COU
100 ## - MAIN ENTRY--PERSONAL NAME
Personal name Coulouris/G
250 ## - EDITION STATEMENT
Edition statement 4
245 ## - TITLE STATEMENT
Title Distributed systems:Concepts and design
260 ## - PUBLICATION, DISTRIBUTION, ETC.
Name of publisher, distributor, etc. Pearson Education
Date of publication, distribution, etc. 2009
366 ## - TRADE AVAILABILITY INFORMATION
Publishers's discount category 5
300 ## - PHYSICAL DESCRIPTION
Extent 849
546 ## - LANGUAGE NOTE
Language note ENGLISH
650 ## - SUBJECT ADDED ENTRY--TOPICAL TERM
Topical term or geographic name entry element Distributed systems
942 ## - ADDED ENTRY ELEMENTS (KOHA)
Koha item type BOOK
Holdings
Withdrawn status Lost status Damaged status Not for loan Collection Home library Current library Date acquired Source of acquisition Cost, normal purchase price Inventory number Total Checkouts Full call number Barcode Date last seen Cost, replacement price Price effective from Koha item type
        CRC Fr. Agnel's C.Rodrigues College of Engineering Fr. Agnel's C.Rodrigues College of Engineering 17/03/2023 Chemtech Books 474.05 324 dt 30/12/2008   4.6 COU 19214 17/03/2023 499.00   BOOK